Fisiología vegetal

Saved in:
Bibliografiske detaljer
Hovedforfatter: Bidwell, R. G. S (Author)
Format: Bog
Sprog:spansk
Udgivet: Ciudad de México A. G. T. Editor 1990
Udgivelse:1a. ed
Fag:
Tags: Tilføj Tag
Ingen Tags, Vær først til at tagge denne postø!

MARC

LEADER 00000cam a2200000 a 4500
001 UCF1613
003 CL-VaPUC
008 120711e19900000MX |||||||||||||||||spa|d
020 |a 9684630158 
082 0 4 |a 581.1  |b BID  |2 21 
100 0 |a Bidwell, R. G. S  |e author  |9 563082 
245 1 0 |a Fisiología vegetal 
250 |a 1a. ed 
300 |a 784 p 
942 |c BK 
945 |d 20120711 00:00:00  |a dcastane 
260 |a Ciudad de México  |b A. G. T. Editor  |c 1990 
650 0 |a Fisiología vegetal  |9 260158 
650 0 |a Semillas   |9 264396 
650 7 |a EMBRIOLOGIA DE LAS PLANTAS  |2 CL-VaPUC  |9 499374 
650 0 |a Botánica  |9 264202 
583 |a last modification  |c 20120711 16:46:00  |k Rodrigo Vera 
999 |c 348309  |d 348307 
952 |0 0  |1 0  |4 0  |6 581_100000000000000_BID_1990  |7 0  |8 A  |9 450279  |a BIBAGR  |b BIBAGR  |d 2019-11-22  |i 4881613  |l 1  |o 581.1 BID 1990  |p 4881613  |r 2025-01-20  |s 2023-09-21  |w 2019-11-22  |y BK  |k AGR